|
|
|
|
| LEADER |
00000nab a2200000 a 4500 |
| 001 |
vtls000397935 |
| 003 |
SK-MaSNL |
| 005 |
20260305014444.0 |
| 008 |
230217c1990 xo 0 slo |
| 015 |
|
|
|a SNBRB19rr/mm-uuuuu
|
| 035 |
|
|
|a CL0398059
|
| 035 |
|
|
|a urn:nbn:sk:snk-abbl6t
|
| 035 |
|
|
|a (urnnbn)urn:nbn:sk:snk:ar-001aec
|
| 035 |
|
|
|a (uuid)b83863ab-7814-42ff-8319-750690174d84
|
| 040 |
|
|
|a SNKBUCL
|b slo
|c SNKBUCL
|e AACR2
|
| 041 |
0 |
|
|a slo
|
| 044 |
|
|
|a xo
|c SK
|
| 080 |
|
|
|a 027.52(437.6)
|2 1981
|
| 080 |
|
|
|a 028
|2 1981
|
| 080 |
|
|
|a 374
|2 1981
|
| 100 |
1 |
|
|a Moncoľová, Emília,
|d 1944-
|4 aut
|9 37858
|
| 245 |
1 |
0 |
|a Zaujať čitateľov aj v lete
|c Emília Moncoľová
|
| 610 |
2 |
7 |
|a Mestská knižnica v Bratislave
|2 snkbucl
|9 33183
|
| 650 |
0 |
7 |
|a Kultúrne leto 1990
|2 snkbucl
|9 1592590
|
| 655 |
|
7 |
|a články z novín a časopisov
|2 snkbucl
|9 267496
|
| 655 |
|
7 |
|a články z odboru knihovníctvo
|2 snkbucl
|9 166141
|
| 773 |
0 |
|
|t Čitateľ
|g Roč. 39, č. 10 (1990), s. 360
|
| 850 |
|
|
|a Slovenská národná knižnica v Martine
|a MTA001
|
| 852 |
|
|
|a SNK
|b KIS3GCP
|
| 954 |
|
|
|a odborná, vedecká literatúra pôvodná (slovenská)
|2 lita
|
| 957 |
|
|
|a 5100
|
| 958 |
|
|
|a RK
|
| 958 |
|
|
|a KL
|
| 958 |
|
|
|a OND
|
| 958 |
|
|
|a EUIPO
|
| 958 |
|
|
|a article15
|
| 992 |
|
|
|a RBX
|
| 999 |
|
|
|c 3269697
|d 3271627
|